Statistics for Country Tile Select #1: Countries to Continent

Click here to take the quiz!

General Stats

  • This quiz has been taken 30 times
  • The average score is 43 of 45

Answer Stats

QuestionTileSelect% Correct
Countries in AsiaBrazilNo
100%
Countries in EuropeCanadaNo
100%
Countries in OceaniaChileNo
100%
Countries in AsiaIndiaYes
100%
Countries in AfricaItalyNo
100%
Countries in OceaniaJapanNo
100%
Countries in AfricaMaltaNo
100%
Countries in EuropeNew ZealandNo
100%
Countries in AsiaPhilippinesYes
100%
Countries in the AmericasPortugalNo
100%
Countries in the AmericasSenegalNo
100%
Countries in AsiaSomaliaNo
100%
Countries in AsiaUkraineNo
100%
Countries in AsiaUnited StatesNo
100%
Countries in the AmericasCubaYes
97%
Countries in AfricaCyprusNo
97%
Countries in AfricaDijboutiYes
97%
Countries in the AmericasFranceNo
97%
Countries in AsiaGeorgiaYes
97%
Countries in OceaniaIndonesiaNo
97%
Countries in the AmericasJapanNo
97%
Countries in AsiaKazakhstanYes
97%
Countries in OceaniaKiribatiYes
97%
Countries in EuropeMoroccoNo
97%
Countries in the AmericasPhilippinesNo
97%
Countries in OceaniaSolomon IslandsYes
97%
Countries in AfricaSouth SudanYes
97%
Countries in EuropeSpainYes
97%
Countries in the AmericasSt Vincent and the GrenadinesYes
97%
Countries in the AmericasUnited StatesYes
97%
Countries in AfricaYemenNo
97%
Countries in AfricaEgyptYes
93%
Countries in EuropeMaltaYes
93%
Countries in AfricaMauritiusYes
93%
Countries in OceaniaPalauYes
93%
Countries in OceaniaPhilippinesNo
93%
Countries in EuropeRussiaYes
93%
Countries in EuropeSwedenYes
93%
Countries in AsiaPapua New GuineaNo
90%
Countries in OceaniaPapua New GuineaYes
90%
Countries in the AmericasUruguayYes
90%
Countries in EuropeArmeniaNo
86%
Countries in AfricaMaldivesNo
86%
Countries in OceaniaEast TimorNo
76%
Countries in EuropeCyprusNo
59%

Score Distribution

Percentile by Number Answered

Percent of People with Each Score

Your Score History

You have not taken this quiz